000 00674nam a2200229 4500
001 108184
003 ES-MaACL
005 20230906184609.0
007 t|
008 061121s1977 sp r ||||1| spa d
020 _a84-7067-169-3
100 1 _aMolnar, Thomas.
_982065
245 1 3 _aLa autoridad y sus enemigos /
_cThomas Molnar.
260 _aMadrid :
_bEPESA [Ediciones y Publicaciones EspaƱolas],
_c1977.
300 _a214 p. ;
_c21 cm.
490 1 _aTemas de nuestro tiempo
504 _aReferencias bibliogrƔficas.
650 4 _aAutoridad.
_9147898
830 1 _aTemas de nuestro tiempo
_9185554
852 _aES-MaACL
_jL-11686
999 _c108184
_d108184